| 000 | 00967nam a22002897a 4500 | ||
|---|---|---|---|
| 001 | 9978 | ||
| 003 | FISKH | ||
| 005 | 20260424132824.0 | ||
| 008 | 260323b cb ||||| |||| 00| 0 eng d | ||
| 020 | _a9780462001142 | ||
| 040 |
_aFISKH _beng _cFISKH _dFISKH |
||
| 050 | _aPZ7 | ||
| 082 | _a591.3 | ||
| 100 |
_aEdwards, Sarah _eAuthor |
||
| 245 |
_aAnimals from eggs / _cWritten by Sarah Edwards |
||
| 260 |
_aSingapore : _bMarshall Cavendish International , _c2008 |
||
| 300 |
_a16 pages : _bcolor illustrations ; _c19 cm |
||
| 490 |
_aMy pals are here! : _v13e |
||
| 505 | _aJ | ||
| 520 | _aDo you know some animals that lay eggs? You know that birds lay eggs. But do you know that turtles, platypuses, snakes, fish, frogs, lizards, and spiders lay eggs, too? | ||
| 521 | 8 |
_a450
_bLexile estimate |
|
| 521 | 8 |
_aJ
_bRaz-Plus |
|
| 650 |
_aAnimals eggs _vLife cycles |
||
| 650 |
_aAnimal _vReproduction |
||
| 942 |
_2ddc _cBK _n0 |
||
| 999 |
_c9978 _d9978 |
||